UBT Library

Diversified health occupations / (Record no. 39170)

000 -LEADER
fixed length control field 00989cam a22002777a 4500
001 - CONTROL NUMBER
control field 15086700
005 - DATE AND TIME OF LATEST TRANSACTION
control field 20171219073818.0
008 - FIXED-LENGTH DATA ELEMENTS--GENERAL INFORMATION
fixed length control field 071119s2009 at a b 001 0 eng d
010 ## - LIBRARY OF CONGRESS CONTROL NUMBER
LC control number 2007941692
020 ## - INTERNATIONAL STANDARD BOOK NUMBER
International Standard Book Number 9781418030216
020 ## - INTERNATIONAL STANDARD BOOK NUMBER
International Standard Book Number 141803021X
035 ## - SYSTEM CONTROL NUMBER
System control number (OCoLC)ocn176925703
040 ## - CATALOGING SOURCE
Original cataloging agency BTCTA
Transcribing agency BTCTA
Modifying agency BAKER
-- KUT
-- YDXCP
-- VET
-- DLC
041 ## - LANGUAGE CODE
Language code of text/sound track or separate title eng
042 ## - AUTHENTICATION CODE
Authentication code lccopycat
080 ## - UNIVERSAL DECIMAL CLASSIFICATION NUMBER
Universal Decimal Classification number 610.69 LOU
082 04 - DEWEY DECIMAL CLASSIFICATION NUMBER
Classification number 610.69 LOU
Edition number 21
100 1# - Rafti
Rafti 38
101 ## - Shkurtesa
Shkurtesa MAT
245 10 - TITLE STATEMENT
Title Diversified health occupations /
Statement of responsibility, etc Louise Simmers, Karen Simmers-Nartker, Sharon Simmers-Kobelak.
504 ## - BIBLIOGRAPHY, ETC. NOTE
Bibliography, etc Includes bibliographical references (p. [1052]-1059) and index.
740 0# - ADDED ENTRY--UNCONTROLLED RELATED/ANALYTICAL TITLE
Uncontrolled related/analytical title StudyWARE to accompany Diversified health occupations.
906 ## - LOCAL DATA ELEMENT F, LDF (RLIN)
a 7
b cbc
c copycat
d 2
e epcn
f 20
g y-gencatlg
942 ## - ADDED ENTRY ELEMENTS (KOHA)
Source of classification or shelving scheme
Item type Books
Holdings
Withdrawn status Lost status Source of classification or shelving scheme Damaged status Not for loan Collection code Permanent location Current location Shelving location Date acquired Total Checkouts Full call number Barcode Date last seen Price effective from Koha item type
          Koleksioni i përgjithshem UBT - Lipjan UBT - Lipjan Koleksioni i përgjithshem 12/19/2017   610.69 LOU 002-2939494 12/19/2017 12/19/2017 Books
UBT Library © 2015-2024. All rights reserved University Education for Business and Technology